| 000 | 00588nam a22001817a 4500 | ||
|---|---|---|---|
| 003 | OSt | ||
| 005 | 20250710091052.0 | ||
| 008 | 250710b |||||||| |||| 00| 0 eng d | ||
| 020 | _a978-981-3313-34-7 | ||
| 040 |
_aDWC-Main Lib _cOC |
||
| 082 | _aCirc. 658.3 H918 2023 | ||
| 100 | _aNoe, Raymond A. | ||
| 245 |
_aHuman resource management: _bgaining a competitive advantage/ _cRaymond A. Noe [and three others] |
||
| 250 | _aThirteenth edition | ||
| 260 |
_aNew York: _bMcGraw Hill, _cc2023. |
||
| 300 |
_axxiii, 791 pages; _c25cm. |
||
| 942 |
_2ddc _cBK-CIRC _eThirteenth edition _kCirc. _n0 |
||
| 999 |
_c3598 _d3598 |
||